000 00734nam a2200289Ia 4500
005 20260324131131.0
008 008 260324s9999 xx 000 0 eng d
020 _a9781315799346
037 _aEBOOK
040 _aCRL
040 _beng
040 _cCRL
041 _2eng
041 _aeng
084 _qCRL
100 _aRichard V. Wagner
_91184343
245 0 _aPioneers in Peace Psychology
245 0 _bDoris K. Miller: A Special Issue of Peace and Conflict: Journal of Peace Psychology
260 _bTaylor and Francis
260 _c2006
365 _a
365 _b205
856 _uhttp://www.taylorfrancis.com/books/9781315799346
942 _cEBOOK
999 _c1781239
_d1781239